Japanese society / (Record no. 15182)
[ view plain ]
| 000 -LEADER | |
|---|---|
| fixed length control field | 00498cam a2200181Ia 4500 |
| 020 ## - INTERNATIONAL STANDARD BOOK NUMBER | |
| ISBN | 0520021541 |
| 020 ## - INTERNATIONAL STANDARD BOOK NUMBER | |
| ISBN | 9780520021549 |
| 040 ## - CATALOGING SOURCE | |
| Transcribing agency | NPS |
| 082 ## - DEWEY DECIMAL CLASSIFICATION NUMBER | |
| Classification number | 309 UNI 1998 A074 Or. |
| 100 1# - MAIN ENTRY--AUTHOR NAME | |
| Personal name | Nakane, Chie, |
| 245 10 - TITLE STATEMENT | |
| Title | Japanese society / |
| 260 ## - PUBLICATION, DISTRIBUTION, ETC. (IMPRINT) | |
| Place of publication | Berkeley, Calif. : |
| Name of publisher | University of California Press, |
| Year of publication | 1998, c1970 |
| 300 ## - PHYSICAL DESCRIPTION | |
| Number of Pages | xi, 157 p. : |
| Other physical details | ill. ; |
| Dimensions | 22 cm |
| 500 ## - GENERAL NOTE | |
| General note | Translation of Tateshakai no ningen kankei |
| 650 #0 - SUBJECT ADDED ENTRY--TOPICAL TERM | |
| Topical Term | Social groups |
| 650 #0 - SUBJECT ADDED ENTRY--TOPICAL TERM | |
| Topical Term | Social values |
| 942 ## - ADDED ENTRY ELEMENTS (KOHA) | |
| Koha item type | សៀវភៅភាសាអង់គ្លេស |
| 952 ## - LOCATION AND ITEM INFORMATION (KOHA) | |
| Withdrawn status [LOCAL, KOHA] | 0 |
| Permanent Location | Date acquired | Koha item type | Lost status | Shelving location | Barcode | Current Location | Full call number |
|---|---|---|---|---|---|---|---|
| Library Block A | 2017-11-13 | សៀវភៅភាសាអង់គ្លេស | A074 | A07278 | Library Block A | 309 UNI 1998 A074 Or. |